| 000 | 01068nam a22002297a 4500 | ||
|---|---|---|---|
| 999 |
_c1378 _d1378 |
||
| 003 | AR-CdUCM | ||
| 008 | 190226b ||||| |||| 00| 0 spa d | ||
| 040 |
_aMUNICIPALIDAD PROVINCIAL DEL CUSCO _cBIBLIOTECA MUNICIPAL DEL CUSCO |
||
| 082 |
_a331.880 / _bS71 |
||
| 100 |
_aSotomayor Pérez, José _95255 |
||
| 245 |
_aCusco 1958 : _banálisis testimonial de un movimiento urbano / |
||
| 260 |
_aCusco : _bCentro de Estudios Rurales Andinos Bartolomé de las Casas, _c1984. |
||
| 300 |
_a86 páginas ; _bfotos ; _c21 cm. |
||
| 440 |
_aCuadernos para el debate regional _n25 _95256 |
||
| 505 | _aEl movimiento sindical del Cusco después de la dictadura de Odría -- El alza de los derivados del petróleo y sus consecuencias -- El 10 de abril de 1958 -- El comité popular -- Las enseñanzas del 10 de abril. | ||
| 650 |
_aSindicalismo _95257 |
||
| 650 |
_aRevoluciones (Obreros) _93483 |
||
| 650 |
_aHistoria peruana _91316 |
||
| 710 |
_aCentro de Estudios Rurales Andinos Bartolomé de Las Casas (Cusco) _95258 |
||
| 942 |
_2ddc _cLIBROS |
||
| 945 |
_araen _d2019-02-26 |
||